Állategészségűgyi fertőtlenítés /

Uložené v:
Podrobná bibliografia
Hlavný autor: Poljakov, Anisim Aleksandrovič (Author)
Médium: Kniha
Jazyk:Hungarian
Russian
Vydané: Budapest : Mezőgazdasági Kiadó, 1983.
Vydanie:1. kiad.
ISBN: (viaz.)
Fyzický popis: 222 s. : fot., il.
Tagy: Pridať tag
Žiadne tagy, Buďte prvý kto otaguje tento záznam!

MARC

LEADER 00000nam a2200000 a 4500
001 000213821
005 20121019211809.0
008 040101s1983 hu e hun d
020 |a (viaz.)  |c Kčs 41,00 
040 |a SVKKK  |b slo  |c SVKKK  |e AACR2 
041 1 |a hun  |h rus 
044 |a hu  |c HU 
100 1 |a Poljakov, Anisim Aleksandrovič  |4 aut 
245 1 0 |a Állategészségűgyi fertőtlenítés /  |c Anisim Aleksandrovič Poljakov. 
250 |a 1. kiad. 
260 |a Budapest :  |b Mezőgazdasági Kiadó,  |c 1983. 
300 |a 222 s. :  |b fot., il. 
500 |a Preklad z ruštiny 
910 |a svkkk 
998 |a BK 
090 |g SCKHL  |k Sklad Pribinova prízemie  |a IV.127647  |j 714049  |i 213821-10  |s Absenčne